Statistics for 7 Cases of the Polish Language (in Polish)

Click here to take the quiz!

General Stats

  • This quiz has been taken 8 times
  • The average score is 6 of 7

Answer Stats

HintAnswer% Correct
AccusativeBiernik
100%
GenitiveDopełniacz
83%
NominativeMianownik
83%
InstrumentalNarzędnik
83%
VocativeWołacz
83%
DativeCelownik
67%
LocativeMiejscownik
67%

Score Distribution

Percentile by Number Answered

Percent of People with Each Score

Your Score History

You have not taken this quiz